| 000 | 00336nam a2200145Ia 4500 | ||
|---|---|---|---|
| 008 | 230917s9999||||xx |||||||||||||| ||und|| | ||
| 040 |
_e198756 _aMAIN |
||
| 041 | _aEnglish | ||
| 082 | _a589.3 S23A | ||
| 100 | _aSharma, O P | ||
| 245 | 0 | _aAlgae | |
| 260 |
_aNew Delhi _bTata McGraw-Hill _c2011 |
||
| 300 | _axv, 389 p. | ||
| 942 | _cBK | ||
| 999 |
_c159228 _d159228 |
||